000 00627nam a22002057a 4500
999 _c10495
_d10495
003 AR-CdUCM
008 190401b ||||| |||| 00| 0 spa d
040 _aMUNICIPALIDAD PROVINCIAL DEL CUSCO
_cBIBLIOTECA MUNICIPAL DEL CUSCO
082 _a641.5 /
_bN89 / 1902
100 _aBouret, CH
_927384
245 _aNuevo cocinero americano en forma de diccionario /
260 _aParĂ­s :
_bBouret,
_c1902.
300 _a966 paginas ;
_c25 cm.
505 _aContenido : Diccionario de cocina ...
650 _aDiccionario
_95196
650 _aCocina
_924818
650 _aUniversal
_918236
942 _2ddc
_cLIBROS
945 _arah